| 000 | 00634nam a22002057a 4500 | ||
|---|---|---|---|
| 999 |
_c22641 _d22641 |
||
| 003 | AR-CdUCM | ||
| 008 | 190427b ||||| |||| 00| 0 spa d | ||
| 020 | _a9786124294099 | ||
| 040 |
_aMUNICIPALIDAD PROVINCIAL DEL CUSCO _cBIBLIOTECA MUNICIPAL DEL CUSCO |
||
| 082 |
_a869.57/H41I _bH41I |
||
| 100 |
_aHerbozo, José Miguel _948733 |
||
| 245 |
_aLas ilusiones / _cJosé Miguel Herbozo |
||
| 260 |
_aLima : _bAlastor Editores, _c2019. |
||
| 300 |
_a61 páginas: _c21 cm. |
||
| 440 |
_aLas musas inquietantes ; _n4 _948734 |
||
| 650 |
_aPoesías peruanas _948735 |
||
| 650 |
_aSiglo XXI _948732 |
||
| 942 |
_2ddc _cLIBROS |
||
| 945 | _arac | ||